00575 a2200193 4500003000500000005001700005040000900022082001000031100003800041245007400079260002300153300001000176538002900186650001600215651001900231942000800250999001900258952010400277Nust20170207153352.0 cNust a005.1 aJan , Capt Asif Muhammad BESE-03 aRegional Center Monitoring ServicecCapt Muhammad Asif Jan BESE-03 bMCScOctober ,2001 a98 :p aAlmirah No 71 Shelf No 3 aUG Projects aUG CS Projects cTHS c184617d184617 00102ddc40708NFICaMCSbMCSd2016-12-12l0o005.1 JANpMCSPCS-38r2016-12-08w2016-12-12yBK